| 000 | 00937nam a22002417a 4500 | ||
|---|---|---|---|
| 005 | 20240530110342.0 | ||
| 008 | 141119s2009 ua f 000 0dara d | ||
| 017 |
_a10683/2009 _bمصر . دار الكتب المصرية |
||
| 020 | _a9789774793066 | ||
| 040 | _aEG-CaGPL | ||
| 041 | 0 | _aara | |
| 082 | 0 | 4 |
_221 _a330.953082\ _bق/م ح |
| 100 | 0 | _aمحمد فتحى الزامل | |
| 245 | 1 | 2 |
_aالحصار الاقتصادى على مصر اواخر العصور الوسطى : _b1291-1517 / _cمحمد فتحى الزامل |
| 250 | _aط 1 | ||
| 260 |
_aالقاهرة : _bالمجلس الاعلى للثقافة ، _c2009 |
||
| 300 |
_a233 ص ؛ _c24 سم |
||
| 504 | _aببليوجرافية : ص 198 - 231 | ||
| 651 | 0 | 4 |
_aمصر _xالمشاكل الاقتصادية |
| 651 | 0 | 4 |
_aمصر _xالاحوال الاقتصادية _yالعصور الوسطى |
| 942 |
_2ddc _cBK |
||
| 999 |
_c59903 _d59903 |
||